000
00191 a2200097 4500
001
15794
100
_a
Hamlyn
245
_a
World atlas
260
_a
London
_b
Hamlyn
_c
090
_c
12344
_d
12344
942
_a
NUST-CAE
_c
M
_c
2608
999
_c
250867
_d
250867